Edipo y el tapir: notas etnosiquiatricas sobre un mito Bribrí /

保存先:
書誌詳細
第一著者: Dobles Ulloa, Alvaro
フォーマット: テキスト
主題:
タグ: タグ追加
タグなし, このレコードへの初めてのタグを付けませんか!

MARC

LEADER 00000 a a2200000 04500
001 8288
003
040
100 |a Dobles Ulloa, Alvaro  
245 |a Edipo y el tapir:   |b notas etnosiquiatricas sobre un mito Bribrí /  |c Alvaro Dobles Ulloa 
650 |a MITOLOGIA  
650 |a ETNOLOGIA  
650 |a PSICOANALISIS  
650 |a POBLACION INDIGENA  
650 |a BRIBRI  
650 |a COSTA RICA  
773 |g número 4; páginas 97-101  
999 |c 39302  |d 39302